| 000 | 01335nab a2200289 a 4500 | ||
|---|---|---|---|
| 005 | 20210219162303.0 | ||
| 008 | 991125s1985 mx 000 0 spa u | ||
| 035 | _aUPN01000201395 | ||
| 049 | _aART-E | ||
| 100 | 1 | _aRoviró Alemany, Ignasi | |
| 100 | 1 | _uiroviro@filosofia.url.edu | |
| 222 | 0 | 0 |
_aHISTORIA DE LA EDUCACION : _bREVISTA INTERUNIVERSITARIA |
| 245 | 0 | 0 | _aLos 50 primeros manuales de estética en España |
| 260 | _aEspaña | ||
| 300 | _a47-79 | ||
| 362 | 0 | _a2013 Vol. 32 | |
| 520 | 3 | _aEl artículo presenta los primeros manuales que introdujeron el estudio de la estética en las aulas españolas. Son libros de texto, concebidos para el estudiante. Generalmente eran los apuntes de clase, corregidos y aumentados. A partir de los años 40 del siglo XIX, los manuales escolares empezarán a crear un nuevo mercado editorial. La investigación se centra en los textos que, bajo una gran variedad de disciplinas, normalizaron el estudio de la estética. | |
| 653 | 0 | _aLIBROS DE TEXTO | |
| 653 | 0 | _aESTETICA | |
| 653 | 0 | _aMANUALES ESCOLARES | |
| 856 | 4 | _uhttp://campus.usal.es/~revistas_trabajo/index.php/0212-0267/article/view/11285/11703 | |
| 905 | _aArticulo | ||
| 336 | _atexto$2rdacontent | ||
| 337 | _acomputadora$2rdamedia | ||
| 338 | _arecurso en linea$2rdacarrier | ||
| 999 |
_c173496 _d173496 |
||